|
|
|
|
| LEADER |
00000nam0a2200000 4500 |
| 001 |
268093 |
| 005 |
20231101234133.0 |
| 035 |
|
|
|a (RuTPU)RU\TPU\book\291220
|
| 090 |
|
|
|a 268093
|
| 100 |
|
|
|a 20140826d1979 m y0rusy50 ca
|
| 101 |
0 |
|
|a rus
|
| 102 |
|
|
|a RU
|
| 105 |
|
|
|a a j 001zy
|
| 200 |
1 |
|
|a Основы микродозиметрии
|e учебное пособие для вузов
|f В. И. Иванов, В. Н. Лысцов
|
| 210 |
|
|
|a Москва
|c Атомиздат
|d 1979
|
| 215 |
|
|
|a 192 с.
|c ил.
|
| 320 |
|
|
|a Библиогр.: с. 190 (16 назв.).
|
| 606 |
1 |
|
|a Дозиметрия
|2 stltpush
|3 (RuTPU)RU\TPU\subj\9856
|9 37017
|
| 610 |
1 |
|
|a учебные пособия
|
| 610 |
1 |
|
|a радиационная физика
|
| 610 |
1 |
|
|a радиационная биофизика
|
| 610 |
1 |
|
|a спектры
|
| 610 |
1 |
|
|a ионизирующее излучение
|
| 610 |
1 |
|
|a микродозиметрия
|
| 610 |
1 |
|
|a модели
|
| 610 |
1 |
|
|a эффекты
|
| 610 |
1 |
|
|a номограммы
|
| 610 |
1 |
|
|a графики
|
| 675 |
|
|
|a 539.1.074(075.8)
|v 3
|
| 700 |
|
1 |
|a Иванов
|b В. И.
|g Виктор Иванович
|
| 701 |
|
1 |
|a Лысцов
|b В. Н.
|g Виталий Николаевич
|
| 801 |
|
1 |
|a RU
|b 63413507
|c 20140826
|
| 801 |
|
2 |
|a RU
|b 63413507
|c 20141028
|g RCR
|
| 942 |
|
|
|c BK
|